Chaînes de mots de Pierre à cristal - Statistiques

Statistiques générales
  • Ce quiz a été pris 422 fois
  • Le résultat moyen est 4 sur 15
Statistiques - réponses
Indicess Réponsess % Correct
Matière minérale solide, qui forme l'écorce terrestre Pierre
91%
Autre nom du flocon : _____ de neige Cristal
72%
Pierre précieuse de couleur verte Emeraude
68%
Un grand cours d'eau qui sillonne la France (par exemple) Rivière
43%
Lumière se dessinant dans le ciel Eclair
27%
Métal blanc et déesse celtique de la poésie <3 Etain
15%
Pierre précieuse jaune pâle Topaze
14%
Gaz radio-actif Radon
10%
L'air le plus pur ; les espaces célestes Ether
9%
Rayon du Soleil Ultraviolet
9%
Couleur beige Ecru
7%
ssssss La Vipère ssssssssssssss Aspic
5%
Pierre précieuse, ou juste à une lettre près de : limite Nimite
4%
Minéral à l'origine du mot nacre Nacrite
1%
Minéral d'apparence laineuse - sodium Erionite-Na
0%
Aucun quiz correspondant
Distribution des résultats
% des personnes avec chaque résultat
Percentile par nombre de réponses
Votre historique - résultats
Vous n’avez pas pris ce quiz